000 00381nam a22001337a 4500
003 SGT
020 _a9789380247653
082 _a891.4309
_bM17B
100 _aभट्ट, असीमा
245 _aमन लागो : मेरे यार फकीरी में
260 _b लोकमित्र प्रकाशन
_c2017
300 _a216
942 _2ddc
_cBK
999 _c31418
_d31418